000 02656nam a2200349 a 4500
003 CHAP
005 20250203101958.0
007 ta
008 230331t2001 cauad||fr|||| 001 0 eng d
020 _a0-12-710001-6
040 _aZ
_cCHAP
_erda
041 0 _bInglés
_fInglés
082 0 0 _a633.202
_bV35 2001
_220
_qZ
100 1 _aVallentine, John F.
_9117649
_eautor
245 1 0 _aGrazing management /
_cJohn F. Vallentine
250 _aSegunda edición
264 1 _aSan Diego, California :
_bAcademic Press,
_c©2001
300 _axii, 659 páginas :
_bilustraciones, gráficas, tablas
336 _2rdacontent
_atexto
_btxt
337 _2rdamedia
_asin medio
_bn
338 _2rdacarrier
_avolumen
_bnc
500 _aej.1: C/E - 41
504 _aBibliografías: páginas 579 - 650
505 0 _aPrefase -- 1. Introducción to grazing -- 2. Grazing herbivore nutrition -- 3. Animal nutrition balance -- 4. Grazing seasons and seasonal balance -- 5. Grazing effects on plants and soil -- 6. Grazing activities / behavior -- 7. Spatial patterns in grazing -- 8. Manipulating grazing distribution -- 9. Plant selecction in grazing -- 10. Kind and mix of grazing animals -- 11. Grazing animal intake and equivalence -- 12. Grazing capacity inventory -- 13. Grazing intensity -- 14. Grazing methods -- 15. Grazing systems -- 16. Grazing as an environmental tool
520 _aGrazing animals need to be managed in order to accommodate desired results in terms of animal, plant, land and economic responses. Grazing Management, Second Edition integrates principles and management techniques that apply to all grazing lands and to all grazing animals. This comprehensive volume provides authoritative review on a wide range of relevant topics: animal nutrition and nutritional balance when fed on different sorts of grazing lands; seasonal variation and limits placed on ecosystems by grazing; the effects of grazing on grazing lands; the various sorts of grazing behaviors; selecting plants and managing grazing lands, as well as many other important topics bearing upon the methods, practises and procedures for properly managing grazing lands and animals. Animal nutrition and nutritional balance when fed on different sorts of grazing landsSeasonal variation and limits placed on ecosystems by grazingThe effects of grazing on grazing landsThe various sorts of grazing behavioursSelecting plants and managing grazing lands.
534 _pTítulo original:
650 1 3 _aManejo de pastoreo
_9142596
650 1 7 _aPastos forrajeros
_986094
650 1 3 _aTierras de pasto
_9189661
650 1 3 _aEfectos del pastoreo
_9190035
942 _cLIBRO
_2ddc
999 _c218591
_d218591